Guess the Taylor Swift Song with No Hints - 7 - Statistics

General Stats
  • This quiz has been taken 49 times
  • The average score is 208 of 308
Answer Stats
Answer % Correct
I
100%
a
97%
The
97%
the
97%
you,
95%
you
95%
and
92%
And
92%
me
92%
It
89%
it
89%
of
89%
to
89%
all
86%
by
86%
in
86%
no
86%
that
86%
When
86%
when
86%
my
81%
So
81%
so
81%
could
78%
I'm
78%
wear
78%
do
76%
You're
76%
you're
76%
don't
73%
Like
73%
was
73%
am
70%
as
70%
one
70%
There
70%
But
68%
Now
68%
that's
68%
never
65%
any
62%
back
62%
Just
62%
over
62%
think
62%
Think
62%
worst
62%
because
59%
came
59%
can't
59%
clean
59%
clean,
59%
down
59%
months
59%
nothing
59%
(Oh)
59%
very
59%
we'd
59%
breathe
57%
drowning,
57%
drowning
57%
finally
57%
Finally
57%
Gone
57%
left
57%
mean
57%
thing
57%
trace
57%
won't
57%
flowers
54%
give
54%
morning
54%
older,
54%
pouring
54%
Rain
54%
Ten
54%
anymore
51%
died
51%
dress
51%
forth
51%
gonna
51%
miss
51%
must
51%
perfect
51%
risk
51%
still
51%
storm
51%
thirst
51%
admit
49%
away
49%
drought
49%
grown
49%
heard
49%
sober,
49%
together
49%
lost
46%
loud
46%
sky
46%
black
43%
roof
43%
room
43%
screamed
43%
turned
43%
war
43%
whole
43%
wine-stained
43%
covered
41%
filled
41%
head
41%
hole
41%
Let
41%
lungs,
41%
pictures
41%
punched
41%
water
41%
dust
38%
carry
35%
Hung
35%
flood
32%
Said
32%
(Oh-oh)
30%
(oh, oh)
30%
Oh-oh,
30%
oh-oh
30%
butterflies
27%
(Oh-oh, oh-oh)
16%
Oh, oh, oh, oh, oh-oh
8%
No matching quizzes found
Score Distribution
Percent of People with Each Score
Percentile by Number Answered
Your Score History
You have not taken this quiz